Страны по частичному изображению флага #4 - Statistics

General Stats
  • This quiz has been taken 294 times
  • The average score is 12 of 16
Answer Stats
Picture Answer % Correct
Аргентина
99%
Кипр
95%
Тунис
89%
Исландия
89%
Марокко
85%
Словения
84%
Новая Зеландия
83%
Ливан
83%
Черногория
78%
Барбадос
68%
Тайвань
66%
Андорра
65%
Кирибати
58%
Малави
49%
Доминиканская Республика
48%
Боливия
34%
No matching quizzes found
Score Distribution
Percent of People with Each Score
Percentile by Number Answered
Your Score History
You have not taken this quiz